00571nam a2200193Ia 4500008004100000020001800041050001400059100002300073245002600096245004300122260001500165260001600180260000900196300001400205300002600219300001000245999001900255952010300274180207s9999 xx 000 0 und d a9781846865343 bB631 2002 aBlackstone, Stella aHow loud is a lion? / cby Stella Blackstone and Clare Beaton. aNew York : bScholastic, c2002 aunpaged : bcolor illustrations ; c24cm. c355845d355845 001040aSSISMbSSISMd2018-02-07l0oER B631 2002pSSISM5390r2018-02-07 00:00:00w2018-02-07yBK